Pilotes de F1 Red Bull depuis 2005 - Statistics

General Stats
  • This quiz has been taken 25 times
  • The average score is 36 of 47
Answer Stats
Année Nationalité Pilote % Correct
3 Néerlandais Max Verstappen
96%
2 Néerlandais Max Verstappen
96%
2 Néerlandais Max Verstappen
96%
2019 1 Néerlandais Max Verstappen
96%
2020 1 Néerlandais Max Verstappen
96%
2021 1 Néerlandais Max Verstappen
96%
2022 1 Néerlandais Max Verstappen
96%
2023 1 Néerlandais Max Verstappen
96%
2024 1 Néerlandais Max Verstappen
96%
2025 1 Néerlandais Max Verstappen
96%
3 Thaïlandais Alexander Albon
91%
2 Thaïlandais Alexander Albon
91%
2 Français Pierre Gasly
91%
2 Allemand Sebastian Vettel
91%
2010 1 Allemand Sebastian Vettel
91%
2011 1 Allemand Sebastian Vettel
91%
2012 1 Allemand Sebastian Vettel
91%
2013 1 Allemand Sebastian Vettel
91%
2014 1 Allemand Sebastian Vettel
91%
2 Mexicain Sergio Pérez
91%
2 Mexicain Sergio Pérez
91%
2 Mexicain Sergio Pérez
91%
2 Mexicain Sergio Pérez
91%
2 Japonais Yuki Tsunoda
91%
3 Australien Liam Lawson
87%
2 Australien Daniel Ricciardo
83%
2015 1 Australien Daniel Ricciardo
83%
2016 1 Australien Daniel Ricciardo
83%
2017 1 Australien Daniel Ricciardo
83%
2018 1 Australien Daniel Ricciardo
83%
2 Australien Mark Webber
83%
2 Australien Mark Webber
83%
2009 1 Australien Mark Webber
83%
2 Australien Mark Webber
83%
2 Australien Mark Webber
83%
2 Russe Daniil Kvyat
57%
2 Russe Daniil Kvyat
57%
2005 1 Anglais David Coulthard
39%
2006 1 Anglais David Coulthard
39%
2007 1 Anglais David Coulthard
39%
2008 1 Anglais David Coulthard
39%
2 Autrichien Christian Klien
35%
2 Autrichien Christian Klien
35%
3 Italien Vitantonio Liuzzi
26%
2 Australien Mark Webber
13%
2 Australien Mark Webber
13%
3 Néerlandais Robert Doornbos
13%
No matching quizzes found
Score Distribution
Percent of People with Each Score
Percentile by Number Answered
Your Score History
You have not taken this quiz